000 00831cab a2200241 4500
001 WB3123-29
008 090401t1995 xxu||||| |||| 00| 0 eng d
035 _a(Sirsi) u3076
041 _aeng
245 _aSubsidence insurance
260 _c1995
350 _a0
490 _aSunday Times
_v11 June 1995, 43(2)
520 _aHomewoners, who can prove that their homes are not at risk of subsidence in spite of a high risk postcode, can claim a reduction in their insurance premium. Cranfield Soil Survey and Land Research Centre can produce subsidence reports on individual plots for a fee.
650 _aABI
650 _aASSOCIATION OF BRITISH INSURERS
650 _aPOSTCODES
650 _aPROPERTY UNDERWRITING SERVICES
650 _aSUBSIDENCE
690 _aINSURANCE
_96249
942 _n0
948 _c04/03/1997
999 _c1859
_d1859